Long "IA" Countries - Statistics

General Stats
  • This quiz has been taken 10 times
    8 since last reset
  • The average score is 5 of 8
Answer Stats
Answer % Correct
9 Letters Australia
67%
27 Letters Federated States of Micronesia
67%
9 Letters Indonesia
67%
10 Letters Mauritania
67%
14 Letters North Macedonia
67%
9 Letters Lithuania
50%
11 Letters Saudi Arabia
50%
10 Letters Saint Lucia
33%
No matching quizzes found
Score Distribution
Percent of People with Each Score
Percentile by Number Answered
Your Score History
You have not taken this quiz since the last reset